That Thou Art (Record no. 15737)

MARC details
000 -LEADER
fixed length control field 00597nam a2200229 a 4500
020 ## - INTERNATIONAL STANDARD BOOK NUMBER
ISBN 8124605270
082 00 - DEWEY DECIMAL CLASSIFICATION NUMBER
Classification number 294.59218
Author Cutter PUL
100 ## - MAIN ENTRY--AUTHOR NAME
Author name Puligandla, Ramakrishna
245 ## - TITLE STATEMENT
Title That Thou Art
Sub title The Wisdim of the Upanisads
260 ## - PUBLICATION, DISTRIBUTION, ETC. (IMPRINT)
Place of publication New Delhi
Name of publisher Dk Printworld
Year of publication 2009
300 ## - PHYSICAL DESCRIPTION
Number of Pages 146p
500 ## - GENERAL NOTE
General note includes index and biblioraphy
650 ## - SUBJECT ADDED ENTRY--TOPICAL TERM
Topical Term Upanishads
942 ## - ADDED ENTRY ELEMENTS (KOHA)
Koha item type Books
700 1# -
-- Puligandla, Ramakrishna
Holdings
Collection code Home library Current library Date acquired Cost, normal purchase price Full call number Accession Number Koha item type
  Henry Martyn Institute Library Henry Martyn Institute Library 01/11/2010 190.00 294.59218 PUL 023064 Books
                   Copyright © 2026 | Henry Martyn Institute | Hyderabad | TS-500052 | INDIA | Implemented by hmi.edu.in
Hit-Count:

Powered by Koha